000 00365 a2200157 4500
001 61093
020 _a9788577526208
040 _cAnchieta - Pituba
100 _aFarias, Airton
240 1 0 _aA vinda da família real para o Brasil
_lpor
245 1 0 _aA vinda da família real para o Brasil
300 _a80
362 0 _a2009
650 4 _aBrasil
942 _cBK
999 _c61093
_d61093